000 01354cam a2200397M 4500
001 98662
005 20230410103652.0
008 090225s2008 sp a 000 0 spa d
035 _a(OCoLC)ocn434446396
040 _aBNM
_bspa
_cBNM
_dOCLCQ
015 _aMON0903
017 _aB 50624-2008
020 _a9788495359438
020 _a849535943X
035 _a(OCoLC)434446396
041 1 _aspa
_hger
049 _aGRAL
050 1 4 _a302 DD 247
_bS742m 2008
082 0 0 _a943.086/092/4
100 1 _aSpeer, Albert,
_d1905-1981.
245 1 0 _aMemorias:
_bLos recuerdos del arquitecto y ministro de armamento de Hitler /
_cAlbert Speer ; traducción del alemán de Angel Sabrido.
246 0 4 _aLos recuerdos del arquitecto y ministro de armamento de Hitler; una crónica fascinante del tercer reich.
260 _aBarcelona :
_bAcantilado,
_c2008.
300 _a932 p.
_bil.
_c22 cm.
490 0 _aEl acantilado;
_v51
500 _aTraducido del idioma original :Erinnerungen
600 1 0 _aSpeer, Albert,
_d1905-1981.
650 0 _aArchitects
_zGermany
_vBiography.
650 0 _aNazis
_zGermany
_vBiography.
600 1 7 _aHitler, Adolf
_d1889-1945.
651 0 _aGermany
_xPolitics and government
_y1933-1945.
651 7 _aAlemania
_xHistoria
_y1933-1945
_vRelatos personales.
942 _2lcc
_cbk
994 _aC0
_bDRFGD
946 _aRG
999 _c23601
_d23601